00474nam a2200193 a 450000100060000000300090000600800410001502000150005604000280007108200150009910000190011424500200013325000060015326000370015930000110019649000360020765000180024365000190026111621CO-ViMGA141112s2004 ck r 000 u spa d a8474449782 aCO-ViMGAbspacCO-ViMGA04a823.8 C67h1 aConrad, Joseph10aLos herederos  a1 aMadrid. editorial Debate, c1996 a210 p. aColección Constantino Bertolo14aAMOR - NOVELA14aNOVELA INGLESA